Central Library OPAC University of Rajshahi

অমৃতলালের শ্রেষ্ট প্রহসন / (Record no. 76098)

MARC details
000 -LEADER
fixed length control field 01327nam a2200265 4500
001 - CONTROL NUMBER
control field 76098
003 - CONTROL NUMBER IDENTIFIER
rucl marc code BD-RjUL
005 - DATE AND TIME OF LATEST TRANSACTION
control field 20211209082806.0
008 - FIXED-LENGTH DATA ELEMENTS--GENERAL INFORMATION
fixed length control field 191026s1994 ii ||||| |||| 00| 0 ben d
035 ## - SYSTEM CONTROL NUMBER
System control number (BD-RjUL)76319
040 ## - CATALOGING SOURCE
Original cataloging agency BD-RjUL
Language of cataloging eng
Transcribing agency BD-RjUL
Modifying agency BD-RjUL
041 ## - LANGUAGE CODE
Language code of text/sound track or separate title eng
082 ## - DEWEY DECIMAL CLASSIFICATION NUMBER
Edition number 23
Classification number 891.44208
Author mark and year BAA 1994
100 1# - MAIN ENTRY--PERSONAL NAME
Personal name বসু, অমৃতলাল
9 (RLIN) 234040
245 10 - TITLE STATEMENT
Title অমৃতলালের শ্রেষ্ট প্রহসন /
Statement of responsibility, etc. অমৃতলাল বসু ; ক্ষেত্র গুপ্ত ও শম্ভুনাথ গঙ্গোপাধ্যায়, সম্পাদিত
260 ## - PUBLICATION, DISTRIBUTION, ETC. (IMPRINT)
Place of publication, distribution, etc. কলকাতা:
Name of publisher, distributor, etc. সাহিত্য প্রকাশ,
Date of publication, distribution, etc. ১৯৯৪
300 ## - PHYSICAL DESCRIPTION
Pagination [৩৯], ৪৭৮ পৃ. ;
Size ২১ সেমি.
600 ## - SUBJECT ADDED ENTRY--PERSONAL NAME
Personal name বসু, অমৃতলাল
General subdivision রচনাবলী
Personal name Basu, Amritalal
General subdivision Collected Works
650 ## - SUBJECT ADDED ENTRY--TOPICAL TERM
Topical term or geographic name as entry element বাংলা নাটক
General subdivision ইতিহাস ও সমালোচনা
9 (RLIN) 234043
Topical term or geographic name as entry element Bengali Drama
General subdivision History and Criticism
9 (RLIN) 234044
700 ## - ADDED ENTRY--PERSONAL NAME
Personal name গুপ্ত, ক্ষেত্র, সম্পাদক
Personal name গঙ্গোপাধ্যায়, শম্ভুনাথ, যুগ্ম সম্পাদক
942 ## - ADDED ENTRY ELEMENTS (KOHA)
Source of classification or shelving scheme Dewey Decimal Classification
Koha item type Books
Holdings
Lost status Source of classification or shelving scheme Damaged status Not for loan Collection code Permanent Location Current Location Shelving location Date acquired Source of acquisition Cost, normal purchase price Total Checkouts Full call number Date last seen Copy number Koha item type
  Dewey Decimal Classification   Not For Loan Fiction Central Library, University of Rajshahi Central Library, University of Rajshahi Reading Room 03/03/2008 Dhaka, Paragon Enterprises Ltd. 100.00   B 891.44208 BAA 1994 26/10/2019 C-1 Books